| 000 | 00640nam a2200205 a 4500 | ||
|---|---|---|---|
| 001 | 1013176 | ||
| 005 | 20180215045006.0 | ||
| 008 | 880830s1987 paua 001 0 eng | ||
| 010 | _a 87176795 | ||
| 020 | _a0812110595 | ||
| 040 |
_aDLC _cDLC _dDLC |
||
| 041 | _aeng | ||
| 080 | _a616.3307 MIS | ||
| 082 | 0 | 0 |
_a616.3307 MIS _219 |
| 100 | _a9 | ||
| 101 | _aGAS | ||
| 245 | 0 | 0 |
_aAtlas of clinical gastroenterology / _cJ.J. Misiewicz ... [et al. ; illustration, Pamela Corfield, Lydia Malim ; line illustration, Jeremy J.D. Cort, Chris Furey, Maurizia Merati]. |
| 906 |
_a7 _bcbc _corignew _d3 _encip _f19 _gy-gencatlg |
||
| 942 |
_2ddc _cBK |
||
| 999 |
_c42618 _d42618 |
||